[Event "Benidorm 2003 - sub2300"]
[Site "Benidorm ESP"]
[Date "2003.11.24"]
[Round "5.81"]
[White "De Juan Tobalina, Rafael"]
[Black "Coves Sepulcre, Laureano"]
[Result "0-1"]
[WhiteElo "2082"]
[BlackElo "1957"]
[PlyCount "60"]
[EventDate "2003.11.21"]
[EventType "swiss"]
[EventRounds "9"]
[EventCountry "ESP"]
[Source "lmi"]
[SourceDate "2003.11.21"]

1. e4 c5 2. Nf3 g6 3. d4 cxd4 4. Qxd4 Nf6 5. e5 Nc6 6. Qc3 Nd5 7. Qc4 e6 8. Bg5
Nxe5 9. Qd4 Nxf3+ 10. gxf3 Qxg5 11. f4 Qf6 12. Qd1 Qxf4 13. Be2 Bc5 14. Bf3
Qe5+ 15. Kf1 b6 16. c4 Ba6 17. Nd2 Rc8 18. Rc1 Nf4 19. b4 Bxb4 20. Ne4 Bxc4+
21. Kg1 Ba6 22. Rb1 Be7 23. Qa4 Be2 24. Bxe2 Nxe2+ 25. Kf1 Nf4 26. Rd1 Nd5 27.
Rg1 O-O 28. Re1 Qc7 29. Qd1 Qxh2 30. Ng3 Qh3+ 0-1

[Event "Benidorm 2003 - sub2300"]
[Site "Benidorm ESP"]
[Date "2003.11.24"]
[Round "5.82"]
[White "Hernandez Garcia, Maximo"]
[Black "Larios Crespo, Manuel"]
[Result "0-1"]
[WhiteElo "2015"]
[BlackElo "2122"]
[PlyCount "78"]
[EventDate "2003.11.21"]
[EventType "swiss"]
[EventRounds "9"]
[EventCountry "ESP"]
[Source "lmi"]
[SourceDate "2003.11.21"]

1. e4 c5 2. Nf3 d6 3. d4 cxd4 4. Nxd4 Nf6 5. Nc3 g6 6. Be3 Bg7 7. f3 O-O 8. Qd2
Nc6 9. O-O-O Bd7 10. g4 Rc8 11. h4 h5 12. gxh5 Nxh5 13. Nd5 Kh7 14. Nxc6 bxc6
15. Nf4 Nxf4 16. Bxf4 Qb6 17. c3 Be6 18. h5 Kg8 19. Bh6 Rb8 20. Bxg7 Kxg7 21.
c4 Rh8 22. Bd3 Qd4 23. hxg6 fxg6 24. Rxh8 Rxh8 25. Qe2 Rb8 26. f4 Bg4 27. Bb1
Qxd1+ 28. Qxd1 Bxd1 29. Kxd1 Rxb2 30. Kc1 Rxb1+ 31. Kxb1 e5 32. fxe5 dxe5 33.
Kc2 g5 34. Kd3 g4 35. Ke3 Kg6 36. a3 a5 37. Kf2 Kg5 38. Ke3 Kh4 39. a4 Kh3 0-1

[Event "Benidorm 2003 - sub2300"]
[Site "Benidorm ESP"]
[Date "2003.11.24"]
[Round "5.84"]
[White "Amat Tarruella, Albert"]
[Black "Alonso Jimenez, Joan"]
[Result "0-1"]
[WhiteElo "2003"]
[BlackElo "2072"]
[PlyCount "42"]
[EventDate "2003.11.21"]
[EventType "swiss"]
[EventRounds "9"]
[EventCountry "ESP"]
[Source "lmi"]
[SourceDate "2003.11.21"]

1. e4 e5 2. Nf3 Nc6 3. Bb5 Nge7 4. O-O Ng6 5. d4 exd4 6. Bxc6 dxc6 7. Qxd4 Qxd4
8. Nxd4 Bd7 9. Nb3 O-O-O 10. Be3 b6 11. N1d2 Be7 12. Rfd1 f5 13. exf5 Bxf5 14.
c3 c5 15. Rac1 Ne5 16. f3 a5 17. Na1 Rd7 18. b3 Rhd8 19. c4 Nd3 20. Rc2 Nb4 21.
Rb2 Bf6 0-1

[Event "Benidorm 2003 - sub2300"]
[Site "Benidorm ESP"]
[Date "2003.11.24"]
[Round "5.86"]
[White "Torras Campdelacreu, Xavier"]
[Black "Algaba Traspuesto, Jose Antonio"]
[Result "1-0"]
[WhiteElo "2052"]
[BlackElo "2028"]
[PlyCount "115"]
[EventDate "2003.11.21"]
[EventType "swiss"]
[EventRounds "9"]
[EventCountry "ESP"]
[Source "lmi"]
[SourceDate "2003.11.21"]

1. d4 d5 2. Nf3 c6 3. e3 Bf5 4. Be2 Nf6 5. Nbd2 Nbd7 6. O-O e6 7. c4 Bd6 8. b3
O-O 9. Bb2 Ne4 10. Nxe4 dxe4 11. Ne5 Qc7 12. f4 exf3 13. Nxf3 Rad8 14. Qe1 Rfe8
15. Rc1 Be4 16. Qh4 Bg6 17. Nd2 Be7 18. Qf2 Bf6 19. Bf3 e5 20. Rfe1 e4 21. Bg4
Nc5 22. Be2 Ne6 23. c5 Nxd4 24. Nc4 Nxe2+ 25. Qxe2 Bxb2 26. Qxb2 Re6 27. Red1
Rd3 28. Qe2 b6 29. b4 bxc5 30. bxc5 Qe7 31. Nb2 Rd5 32. Rxd5 cxd5 33. Qb5 h6
34. Qb8+ Kh7 35. c6 Qg5 36. Qxa7 Qe5 37. c7 Re7 38. Qb8 Bf5 39. c8=Q Bxc8 40.
Qxe5 Rxe5 41. Rxc8 Kg6 42. Rc5 f5 43. g3 Kg5 44. Nc4 Re7 45. Rxd5 Kg4 46. Kg2
Ra7 47. h3+ Kg5 48. h4+ Kf6 49. a3 Ke6 50. Re5+ Kf6 51. Rc5 Ke6 52. Kh3 Ra4 53.
g4 fxg4+ 54. Kxg4 g6 55. Re5+ Kf6 56. Rxe4 h5+ 57. Kf3 Kf5 58. Nd6+ 1-0

[Event "Benidorm 2003 - sub2300"]
[Site "Benidorm ESP"]
[Date "2003.11.25"]
[Round "6.2"]
[White "Kutuzov, Denis"]
[Black "Gonzalez Valero, Julio"]
[Result "1-0"]
[WhiteElo "2249"]
[BlackElo "2231"]
[PlyCount "111"]
[EventDate "2003.11.21"]
[EventType "swiss"]
[EventRounds "9"]
[EventCountry "ESP"]
[Source "lmi"]
[SourceDate "2003.11.21"]

1. e4 c5 2. Nf3 Nc6 3. Bb5 g6 4. Bxc6 dxc6 5. d3 Bg7 6. h3 e5 7. Be3 Qe7 8. Qd2
Nf6 9. Nc3 Nd7 10. Bh6 f6 11. O-O Nf8 12. Bxg7 Qxg7 13. Nh2 Ne6 14. Ne2 g5 15.
b4 cxb4 16. Qxb4 Nf4 17. Ng3 h5 18. Rab1 Rh7 19. Rfe1 Be6 20. d4 g4 21. h4
O-O-O 22. dxe5 fxe5 23. Qc5 Kb8 24. Qxc6 Qc7 25. Qxc7+ Rxc7 26. Rb5 Rxc2 27.
Nhf1 Bd7 28. Ra5 b6 29. Ne3 Rb2 30. Ra3 Bb5 31. Rb3 Rdd2 32. Rb1 Rxb1+ 33. Rxb1
Bd3 34. Rb3 Rxa2 35. Nxh5 Bxe4 36. Nxf4 exf4 37. Nxg4 Ra1+ 38. Kh2 Rb1 39. Rc3
b5 40. Nf6 b4 41. Rc4 Bd3 42. Nd7+ Ka8 43. Rxf4 Bc2 44. h5 b3 45. Nc5 a5 46.
Ra4 b2 47. Rxa5+ Kb8 48. Rb5+ Kc7 49. Ne6+ Kd6 50. Ng5 Bd3 51. Rb8 Kc6 52. h6
Bb5 53. h7 Re1 54. h8=Q b1=Q 55. Qc3+ Kd7 56. Qd4+ 1-0

[Event "Benidorm 2003 - sub2300"]
[Site "Benidorm ESP"]
[Date "2003.11.25"]
[Round "6.3"]
[White "Agayev, Nidjat"]
[Black "Manea, Alexandru"]
[Result "1/2-1/2"]
[WhiteElo "2203"]
[BlackElo "2265"]
[PlyCount "45"]
[EventDate "2003.11.21"]
[EventType "swiss"]
[EventRounds "9"]
[EventCountry "ESP"]
[Source "lmi"]
[SourceDate "2003.11.21"]

1. b3 e5 2. Bb2 Nc6 3. e3 Nf6 4. Bb5 d6 5. Ne2 Bd7 6. d4 exd4 7. Nxd4 Be7 8.
O-O O-O 9. Nxc6 bxc6 10. Bd3 d5 11. Nd2 Bd6 12. Qf3 Re8 13. Bxf6 Qxf6 14. Qxf6
gxf6 15. c4 f5 16. g3 Kg7 17. Nf3 Kf6 18. Rfd1 a5 19. Bf1 a4 20. Rdc1 Ra5 21.
cxd5 cxd5 22. b4 Bxb4 23. Rxc7 1/2-1/2

[Event "Benidorm 2003 - sub2300"]
[Site "Benidorm ESP"]
[Date "2003.11.25"]
[Round "6.4"]
[White "Ferron Garcia, Carlos"]
[Black "Zurmely, Frank"]
[Result "1/2-1/2"]
[WhiteElo "2279"]
[BlackElo "2235"]
[PlyCount "34"]
[EventDate "2003.11.21"]
[EventType "swiss"]
[EventRounds "9"]
[EventCountry "ESP"]
[Source "lmi"]
[SourceDate "2003.11.21"]

1. e4 e6 2. d4 d5 3. Nc3 Nf6 4. Bg5 dxe4 5. Nxe4 Be7 6. Nxf6+ Bxf6 7. Bxf6 Qxf6
8. Nf3 O-O 9. Bd3 Nc6 10. O-O e5 11. Nxe5 Nxe5 12. dxe5 Qxe5 13. c3 Be6 14. Re1
Qg5 15. Re3 Rad8 16. Qa4 a6 17. Rae1 Rd6 1/2-1/2

[Event "Benidorm 2003 - sub2300"]
[Site "Benidorm ESP"]
[Date "2003.11.25"]
[Round "6.5"]
[White "Madina, Martin"]
[Black "Castillo Gallego, Sergio"]
[Result "0-1"]
[WhiteElo "2262"]
[BlackElo "2204"]
[PlyCount "61"]
[EventDate "2003.11.21"]
[EventType "swiss"]
[EventRounds "9"]
[EventCountry "ESP"]
[Source "lmi"]
[SourceDate "2003.11.21"]

1. d4 Nf6 2. Nf3 g6 3. Bg5 Bg7 4. Nbd2 d6 5. e4 h6 6. Bh4 g5 7. Bg3 e6 8. c3
Nh5 9. e5 Nxg3 10. hxg3 Nd7 11. exd6 cxd6 12. Bd3 Qe7 13. Qe2 Nb6 14. a4 Bd7
15. a5 Nd5 16. a6 b6 17. Be4 Bc6 18. O-O Rc8 19. Rfe1 O-O 20. c4 Nb4 21. d5 Bd7
22. Reb1 f5 23. Bd3 e5 24. Re1 Qf7 25. Bb1 e4 26. Bxe4 fxe4 27. Nxe4 Qg6 28.
Ra3 Rce8 29. Qc2 Rxe4 30. Rc1 g4 31. Nh4 0-1

[Event "Benidorm 2003 - sub2300"]
[Site "Benidorm ESP"]
[Date "2003.11.25"]
[Round "6.6"]
[White "Pallardo Lozoya, Jose Vicente"]
[Black "De la Cruz Sanchez, C Gustavo"]
[Result "1/2-1/2"]
[WhiteElo "2117"]
[BlackElo "2259"]
[PlyCount "43"]
[EventDate "2003.11.21"]
[EventType "swiss"]
[EventRounds "9"]
[EventCountry "ESP"]
[Source "lmi"]
[SourceDate "2003.11.21"]

1. e4 e5 2. Nf3 Nc6 3. Bb5 a6 4. Ba4 Nf6 5. d3 b5 6. Bb3 Be7 7. O-O d6 8. c3
O-O 9. Nbd2 Re8 10. Re1 h6 11. Nf1 Bf8 12. h3 Be6 13. Bc2 d5 14. Ne3 dxe4 15.
dxe4 Qxd1 16. Rxd1 Rad8 17. Rxd8 Rxd8 18. Bd2 Bc5 19. Nf1 Bc4 20. Be3 Bxe3 21.
Nxe3 Bd3 22. Rd1 1/2-1/2

[Event "Benidorm 2003 - sub2300"]
[Site "Benidorm ESP"]
[Date "2003.11.25"]
[Round "6.7"]
[White "Lada, Ireneusz"]
[Black "Varas, Carlos"]
[Result "0-1"]
[WhiteElo "2192"]
[BlackElo "2254"]
[PlyCount "90"]
[EventDate "2003.11.21"]
[EventType "swiss"]
[EventRounds "9"]
[EventCountry "ESP"]
[Source "lmi"]
[SourceDate "2003.11.21"]

1. c4 b6 2. Nc3 Bb7 3. d4 e6 4. a3 f5 5. d5 Nf6 6. g3 Na6 7. Bg2 Bd6 8. Nf3 Nc5
9. O-O O-O 10. Nd4 Be5 11. e3 Qe7 12. Qc2 Qf7 13. dxe6 dxe6 14. Bxb7 Nxb7 15.
b4 Nd6 16. c5 bxc5 17. bxc5 Nde4 18. Nce2 Nd7 19. c6 Nb6 20. a4 a6 21. Ba3 Bd6
22. f3 Nf6 23. Bxd6 cxd6 24. e4 fxe4 25. fxe4 Rae8 26. Rab1 Nc8 27. Rb7 Qh5 28.
Nf4 Qe5 29. Qd3 d5 30. exd5 Nxd5 31. Nf3 Qd6 32. Qd4 Re7 33. Ne5 Rf5 34. Rd7
Rxd7 35. cxd7 Ncb6 36. Nxe6 Rxf1+ 37. Kxf1 Nxd7 38. Nc6 N7f6 39. Ned8 Qa3 40.
Qf2 Qxa4 41. Qc5 Qd1+ 42. Kg2 Qe2+ 43. Kg1 h5 44. Qd6 Ne3 45. Qe6+ Kh7 0-1

[Event "Benidorm 2003 - sub2300"]
[Site "Benidorm ESP"]
[Date "2003.11.25"]
[Round "6.8"]
[White "Vinas Guerrero, Carlos A"]
[Black "Fenollar Jorda, Manuel"]
[Result "0-1"]
[WhiteElo "2098"]
[BlackElo "2251"]
[PlyCount "90"]
[EventDate "2003.11.21"]
[EventType "swiss"]
[EventRounds "9"]
[EventCountry "ESP"]
[Source "lmi"]
[SourceDate "2003.11.21"]

1. e4 e5 2. Nc3 Nf6 3. f4 d5 4. fxe5 Nxe4 5. Nf3 Be7 6. d4 c5 7. Bd3 Nxc3 8.
bxc3 O-O 9. O-O Nc6 10. Be3 f6 11. exf6 Bxf6 12. Qd2 c4 13. Be2 Bg4 14. Rae1
Qd7 15. Bg5 Rae8 16. Bd1 Qd8 17. Rxe8 Qxe8 18. Re1 Qd8 19. Bxf6 Rxf6 20. Ne5
Bxd1 21. Qxd1 Ne7 22. Ng4 Rf8 23. Qe2 Ng6 24. Qe6+ Kh8 25. Ne5 Nxe5 26. Rxe5
Qa5 27. Qe7 Rg8 28. h3 Qxc3 29. Rxd5 Qxc2 30. Rd8 h6 31. Rxg8+ Kxg8 32. Qe6+
Kh7 33. d5 Qd3 34. d6 c3 35. Qb3 Qd2 36. d7 c2 37. Qxc2+ Qxc2 38. d8=Q Qxa2 39.
Qd3+ Kh8 40. Qd8+ Qg8 41. Qd7 Qa8 42. g4 a5 43. Qa4 Qb8 44. Qxa5 Qg3+ 45. Kf1
Qxh3+ 0-1

[Event "Benidorm 2003 - sub2300"]
[Site "Benidorm ESP"]
[Date "2003.11.25"]
[Round "6.9"]
[White "Alonso Moyano, Jonathan"]
[Black "Babataeva, Indira"]
[Result "0-1"]
[WhiteElo "2244"]
[BlackElo "2122"]
[PlyCount "102"]
[EventDate "2003.11.21"]
[EventType "swiss"]
[EventRounds "9"]
[EventCountry "ESP"]
[Source "lmi"]
[SourceDate "2003.11.21"]

1. e4 c5 2. Nf3 Nc6 3. Bb5 Nf6 4. Qe2 g6 5. b3 Bg7 6. Bxc6 bxc6 7. Nc3 d5 8. e5
Nh5 9. Na4 Nf4 10. Qf1 Qa5 11. Kd1 Bg4 12. Bb2 d4 13. h3 Bxf3+ 14. gxf3 Bxe5
15. Qc4 Ne6 16. Re1 Bf4 17. c3 Qb5 18. Rxe6 fxe6 19. Nxc5 Qxc4 20. bxc4 Rb8 21.
Kc2 Bd6 22. Nb3 dxc3 23. Bxc3 Rf8 24. c5 Bc7 25. Re1 Rxf3 26. Nd4 Rxf2 27. Nxc6
Rb5 28. Bd4 Rf5 29. Kd3 Kd7 30. Ne5+ Bxe5 31. Rxe5 Rf3+ 32. Kc4 Rb1 33. c6+
Kxc6 34. Rxe6+ Kd7 35. Ra6 Rb7 36. Bxa7 Rxh3 37. a4 Rf3 38. Bc5 Rc7 39. Ra8 Rf5
40. d4 e5 41. d5 e4 42. Ra6 Re5 43. Kd4 Re8 44. d6 Re6 45. Ra8 Rxc5 46. Kxc5
Rxd6 47. Ra7+ Ke6 48. Rxh7 e3 49. Rh6 Rd5+ 50. Kc4 e2 51. Rxg6+ Kf7 0-1

[Event "Benidorm 2003 - sub2300"]
[Site "Benidorm ESP"]
[Date "2003.11.25"]
[Round "6.10"]
[White "Ceballos Hornero, Daniel"]
[Black "Cardenas Valero, Joaquin"]
[Result "1/2-1/2"]
[WhiteElo "2207"]
[BlackElo "2299"]
[PlyCount "131"]
[EventDate "2003.11.21"]
[EventType "swiss"]
[EventRounds "9"]
[EventCountry "ESP"]
[Source "lmi"]
[SourceDate "2003.11.21"]

1. c4 Nf6 2. Nc3 g6 3. e4 d6 4. d4 Bg7 5. f3 c5 6. d5 e6 7. Bf4 exd5 8. cxd5 a6
9. a4 O-O 10. Qd2 Re8 11. Nge2 Qc7 12. Ng3 Nbd7 13. Be2 Rb8 14. O-O h5 15. Rfc1
b6 16. Nf1 Ne5 17. Ne3 Nfd7 18. b3 Qd8 19. h3 Qe7 20. Re1 Qf6 21. Ned1 Qd8 22.
Rc1 b5 23. axb5 Qb6 24. Be3 axb5 25. f4 b4 26. Na4 Qd8 27. Nab2 c4 28. bxc4 Nc5
29. Bxc5 dxc5 30. fxe5 Bxe5 31. Bf3 Qh4 32. Nd3 Bd4+ 33. Kh2 g5 34. N1f2 g4 35.
Qf4 Rb6 36. g3 Qd8 37. Bg2 gxh3 38. Nxh3 Rg6 39. Rf1 Rg7 40. e5 b3 41. d6 Be6
42. Bc6 b2 43. Rcd1 Bxc4 44. Bxe8 Qxe8 45. Rfe1 b1=Q 46. Rxb1 Bxd3 47. Rbd1 Bb5
48. Ng5 Bd7 49. Nf3 Bf2 50. Rg1 Qe6 51. Ng5 Bxg1+ 52. Rxg1 Qg6 53. Ne4 Bc6 54.
Re1 Bxe4 55. Rxe4 Qe6 56. Re2 Rg4 57. Qf6 Qxf6 58. exf6 Rd4 59. Re5 c4 60. Rxh5
Rxd6 61. Rg5+ Kh7 62. Rg7+ Kh6 63. Rxf7 Rc6 64. Rd7 c3 65. Rd1 Kg6 66. Kg2
1/2-1/2

[Event "Benidorm 2003 - sub2300"]
[Site "Benidorm ESP"]
[Date "2003.11.25"]
[Round "6.11"]
[White "Buenafe Moya, Javier"]
[Black "Godlauskas, Kazys"]
[Result "1-0"]
[WhiteElo "2298"]
[BlackElo "2209"]
[PlyCount "57"]
[EventDate "2003.11.21"]
[EventType "swiss"]
[EventRounds "9"]
[EventCountry "ESP"]
[Source "lmi"]
[SourceDate "2003.11.21"]

1. c4 e6 2. Nc3 Nf6 3. e4 d5 4. e5 d4 5. exf6 dxc3 6. fxg7 cxd2+ 7. Qxd2 Qxd2+
8. Bxd2 Bxg7 9. O-O-O Bd7 10. Ne2 Nc6 11. Bc3 Bxc3 12. Nxc3 e5 13. Bd3 O-O-O
14. f4 Bg4 15. Rd2 exf4 16. Rf1 f3 17. gxf3 Be6 18. b3 h6 19. f4 Rhg8 20. f5
Ne5 21. Be4 Rxd2 22. Kxd2 Bd7 23. Rf4 Rg5 24. Nd5 Bc6 25. Ne3 Kd7 26. Kc3 Rh5
27. Bxc6+ bxc6 28. h4 Ke7 29. Nf1 1-0

[Event "Benidorm 2003 - sub2300"]
[Site "Benidorm ESP"]
[Date "2003.11.25"]
[Round "6.12"]
[White "Renteria Becerra, Jorge Eliecer"]
[Black "Perez Lopez, Jesus Maria"]
[Result "1/2-1/2"]
[WhiteElo "2281"]
[BlackElo "2205"]
[PlyCount "77"]
[EventDate "2003.11.21"]
[EventType "swiss"]
[EventRounds "9"]
[EventCountry "ESP"]
[Source "lmi"]
[SourceDate "2003.11.21"]

1. e4 e6 2. d3 d5 3. Nd2 Nf6 4. Ngf3 Be7 5. g3 c5 6. Bg2 Nc6 7. O-O O-O 8. Re1
b5 9. e5 Nd7 10. Qe2 a5 11. Nf1 Ba6 12. h4 b4 13. Bf4 a4 14. a3 bxa3 15. bxa3
c4 16. d4 c3 17. Qd1 Na5 18. Re3 Rc8 19. Qe1 Qb6 20. Rxc3 Rxc3 21. Qxc3 Rc8 22.
Qd2 Nc4 23. Qc1 Qa5 24. c3 Qc7 25. N3d2 Na5 26. Bxd5 Qxc3 27. Qxc3 Rxc3 28. Bg2
Nb3 29. Nxb3 axb3 30. Bc1 Bd3 31. Nd2 Nb6 32. a4 Nxa4 33. Nxb3 Rxb3 34. Rxa4
Rb1 35. Ra8+ Bf8 36. Rc8 Ba6 37. Rc6 Bb5 38. Rc8 Ba6 39. Rc6 1/2-1/2

[Event "Benidorm 2003 - sub2300"]
[Site "Benidorm ESP"]
[Date "2003.11.25"]
[Round "6.13"]
[White "Ortells Perez, Victor"]
[Black "Goormachtigh, Johan"]
[Result "0-1"]
[WhiteElo "2201"]
[BlackElo "2266"]
[PlyCount "92"]
[EventDate "2003.11.21"]
[EventType "swiss"]
[EventRounds "9"]
[EventCountry "ESP"]
[Source "lmi"]
[SourceDate "2003.11.21"]

1. Nf3 Nf6 2. g3 g6 3. d4 Bg7 4. c4 O-O 5. Bg2 d5 6. cxd5 Nxd5 7. O-O Nb6 8.
Nc3 Nc6 9. e3 Re8 10. Qb3 Be6 11. Qd1 h6 12. Re1 a5 13. Ne4 Qc8 14. Bd2 Bg4 15.
Bc3 Nd5 16. Qb3 Rd8 17. Nc5 b6 18. Nd3 Be6 19. Qd1 Nxc3 20. bxc3 Ra7 21. Qa4
Qd7 22. Nb2 Nb8 23. Qa3 Qd6 24. Qa4 c5 25. Nd2 cxd4 26. cxd4 Qb4 27. Nb3 Na6
28. Rec1 Qxa4 29. Nxa4 b5 30. Nac5 Nxc5 31. Nxc5 Bd5 32. Bxd5 Rxd5 33. f4 e6
34. Ne4 b4 35. Rc8+ Kh7 36. Rac1 Rdd7 37. R1c4 Rdb7 38. Nd6 Rb6 39. R4c6 Rxc6
40. Rxc6 a4 41. Rc2 Bf8 42. Ne4 b3 43. axb3 axb3 44. Rb2 Ra1+ 45. Kf2 Ra2 46.
Re2 Bb4 0-1

[Event "Benidorm 2003 - sub2300"]
[Site "Benidorm ESP"]
[Date "2003.11.25"]
[Round "6.14"]
[White "Serrano Marhuenda, Salvador"]
[Black "De la Fuente Gonzalez, Francisco"]
[Result "1-0"]
[WhiteElo "2197"]
[BlackElo "2260"]
[PlyCount "67"]
[EventDate "2003.11.21"]
[EventType "swiss"]
[EventRounds "9"]
[EventCountry "ESP"]
[Source "lmi"]
[SourceDate "2003.11.21"]

1. e4 e5 2. Nf3 Nf6 3. Nxe5 d6 4. Nf3 Nxe4 5. d3 Nf6 6. d4 Be7 7. Bd3 O-O 8.
O-O Bg4 9. h3 Bh5 10. Re1 Nc6 11. c3 Qd7 12. Bf4 Nd5 13. Bh2 f5 14. Nbd2 Kh8
15. Qc2 Rae8 16. a3 Nd8 17. c4 Nb6 18. d5 g6 19. a4 Bf6 20. a5 Rxe1+ 21. Rxe1
Na4 22. b4 Nb2 23. c5 Nxd3 24. Qxd3 Bxf3 25. Nxf3 Nf7 26. a6 bxa6 27. c6 Qc8
28. Re6 Nd8 29. Rxf6 Rxf6 30. Qd4 Kg7 31. Ng5 h6 32. Nh7 Kxh7 33. Qxf6 g5 34.
h4 1-0

[Event "Benidorm 2003 - sub2300"]
[Site "Benidorm ESP"]
[Date "2003.11.25"]
[Round "6.15"]
[White "Bosque Ortega, Xavier"]
[Black "Buxade Roca, Guillermo"]
[Result "1/2-1/2"]
[WhiteElo "2258"]
[BlackElo "2202"]
[PlyCount "107"]
[EventDate "2003.11.21"]
[EventType "swiss"]
[EventRounds "9"]
[EventCountry "ESP"]
[Source "lmi"]
[SourceDate "2003.11.21"]

1. d4 Nf6 2. Nf3 e6 3. Bf4 b6 4. e3 Bb7 5. Nbd2 Be7 6. Bd3 Nh5 7. Bg3 d6 8. Qe2
Nd7 9. e4 g6 10. O-O-O c5 11. Nc4 Nxg3 12. hxg3 Qc7 13. dxc5 Nxc5 14. e5 d5 15.
Nd6+ Bxd6 16. exd6 Qxd6 17. Ne5 a6 18. Qe3 Rc8 19. Qf4 Qc7 20. c3 d4 21. Qf6
Rf8 22. Rxh7 dxc3 23. b3 c2 24. Rd2 Be4 25. Bc4 Qe7 26. Qxe7+ Kxe7 27. f3 b5
28. b4 bxc4 29. bxc5 Bd3 30. Nxd3 cxd3 31. Rxd3 Rxc5 32. Rd2 Rfc8 33. Rh4 Ra5
34. a4 Rac5 35. Re4 Rc4 36. Rxc4 Rxc4 37. Rxc2 Rxa4 38. Kd2 Kd6 39. Ke3 a5 40.
g4 g5 41. Rc3 Rb4 42. Rd3+ Ke5 43. Rc3 Rb5 44. Rc7 f6 45. Ra7 Rb3+ 46. Kf2 Ra3
47. Kg3 Ra2 48. Ra6 f5 49. gxf5 exf5 50. Rb6 a4 51. Rb5+ Kf6 52. Rb6+ Kg7 53.
Ra6 a3 54. f4 1/2-1/2

[Event "Benidorm 2003 - sub2300"]
[Site "Benidorm ESP"]
[Date "2003.11.25"]
[Round "6.16"]
[White "Roofdhooft, Marcel"]
[Black "Gabaldon Gomez, Miguel Angel"]
[Result "1-0"]
[WhiteElo "2257"]
[BlackElo "2186"]
[PlyCount "79"]
[EventDate "2003.11.21"]
[EventType "swiss"]
[EventRounds "9"]
[EventCountry "ESP"]
[Source "lmi"]
[SourceDate "2003.11.21"]

1. e4 g6 2. d4 Bg7 3. Nf3 c6 4. Bd3 d6 5. h3 Nf6 6. O-O O-O 7. Re1 Qc7 8. c3 e5
9. Nbd2 Nbd7 10. Bf1 Re8 11. dxe5 Nxe5 12. Nxe5 dxe5 13. a4 a5 14. Nc4 Rd8 15.
Qf3 Be6 16. Bg5 Bxc4 17. Bxc4 Rd6 18. Red1 Rxd1+ 19. Rxd1 Rd8 20. Rb1 Qe7 21.
b4 axb4 22. Rxb4 h6 23. Be3 Nh7 24. a5 Rd7 25. Rb6 Nf8 26. a6 bxa6 27. Rxc6 a5
28. Bc5 Qg5 29. Bd5 Rb7 30. Rb6 Rc7 31. Bd6 Rd7 32. Rb8 Qc1+ 33. Kh2 Qf4+ 34.
Qxf4 exf4 35. Ba3 Rc7 36. c4 h5 37. Bd6 Ra7 38. c5 f3 39. c6 Kh7 40. c7 1-0

[Event "Benidorm 2003 - sub2300"]
[Site "Benidorm ESP"]
[Date "2003.11.25"]
[Round "6.17"]
[White "Martin Perez, Javier"]
[Black "Villa Izquierdo, Roberto"]
[Result "1/2-1/2"]
[WhiteElo "2255"]
[BlackElo "2183"]
[PlyCount "88"]
[EventDate "2003.11.21"]
[EventType "swiss"]
[EventRounds "9"]
[EventCountry "ESP"]
[Source "lmi"]
[SourceDate "2003.11.21"]

1. e4 c5 2. Nf3 d6 3. d4 cxd4 4. Nxd4 Nf6 5. Nc3 g6 6. Be3 Bg7 7. f3 Nc6 8. Qd2
O-O 9. Bc4 Nxd4 10. Bxd4 Be6 11. Bb3 Qa5 12. O-O-O Rfc8 13. Kb1 b5 14. Bxf6
Bxf6 15. Nd5 Qxd2 16. Nxf6+ Kg7 17. Nh5+ Kh6 18. Rxd2 Kxh5 19. h4 Kh6 20. g4
Bxb3 21. axb3 Rc6 22. Rd5 a6 23. Rh2 Kg7 24. h5 Rac8 25. h6+ Kf8 26. b4 f6 27.
c3 g5 28. Kc2 Kf7 29. Kd2 Rg8 30. Ke3 Rcc8 31. Rh1 Rg6 32. Rdd1 Rc6 33. Rdg1
Ke6 34. Rd1 Ke5 35. Rh5 Ke6 36. Rd5 Rc7 37. Rh1 Rc6 38. Kd3 Rg8 39. Rc1 Rg6 40.
Rh1 Rg8 41. Ke3 Rg6 42. Rd3 Rg8 43. Kd4 Rc4+ 44. Ke3 Rc6 1/2-1/2

[Event "Benidorm 2003 - sub2300"]
[Site "Benidorm ESP"]
[Date "2003.11.25"]
[Round "6.18"]
[White "Tebar Moreno, Juan Carlos"]
[Black "Llavador Moron, Juan Jose"]
[Result "1/2-1/2"]
[WhiteElo "2254"]
[BlackElo "2108"]
[PlyCount "38"]
[EventDate "2003.11.21"]
[EventType "swiss"]
[EventRounds "9"]
[EventCountry "ESP"]
[Source "lmi"]
[SourceDate "2003.11.21"]

1. e4 c5 2. Nf3 Nc6 3. Nc3 g6 4. Bb5 Bg7 5. O-O Nf6 6. Bxc6 dxc6 7. e5 Nd5 8.
Ne4 b6 9. h3 O-O 10. d3 h6 11. Re1 Qc7 12. a3 Qd8 13. Bd2 Nc7 14. b4 cxb4 15.
axb4 Ne6 16. Be3 f5 17. exf6 exf6 18. Ra3 f5 19. Nc3 g5 1/2-1/2

[Event "Benidorm 2003 - sub2300"]
[Site "Benidorm ESP"]
[Date "2003.11.25"]
[Round "6.19"]
[White "Planas, Juan"]
[Black "Rodriguez Gonzalez, Javier"]
[Result "0-1"]
[WhiteElo "2199"]
[BlackElo "2249"]
[PlyCount "106"]
[EventDate "2003.11.21"]
[EventType "swiss"]
[EventRounds "9"]
[EventCountry "ESP"]
[Source "lmi"]
[SourceDate "2003.11.21"]

1. d4 d5 2. c4 e6 3. Nc3 Nf6 4. cxd5 exd5 5. Bg5 Nbd7 6. e3 c6 7. Bd3 Be7 8.
Nf3 O-O 9. O-O Re8 10. Qc2 Nf8 11. Rab1 a5 12. a3 Ng6 13. b4 axb4 14. axb4 Ne4
15. Bxe7 Qxe7 16. b5 Nh4 17. Nxh4 Qxh4 18. bxc6 bxc6 19. Nxe4 dxe4 20. Qxc6 Bf5
21. Ba6 Rad8 22. Rb7 Qg5 23. Qc7 Be6 24. Rfb1 h5 25. Rb8 Bh3 26. Bf1 Bc8 27.
R1b5 Qg4 28. Re5 Rf8 29. Qe7 Qd1 30. Ra8 f5 31. Ra7 Qg4 32. Be2 Qg6 33. Bxh5
Qh6 34. Bf7+ Kh7 35. Rd5 Qc6 36. Qh4+ Qh6 37. Qxh6+ Kxh6 38. Rxd8 Rxd8 39. Ra8
Rd7 40. Rxc8 Rxf7 41. Re8 Ra7 42. f3 exf3 43. gxf3 Ra2 44. e4 Kg5 45. e5 Kf4
46. Rb8 Kxf3 47. Rb1 Rd2 48. Rb3+ Ke4 49. Rb4 Kf3 50. h4 f4 51. e6 Kg3 52. Rb3+
f3 53. Rb1 Rg2+ 0-1

[Event "Benidorm 2003 - sub2300"]
[Site "Benidorm ESP"]
[Date "2003.11.25"]
[Round "6.20"]
[White "Cano Gimenez, Vicente"]
[Black "Panic, Nikola"]
[Result "1/2-1/2"]
[WhiteElo "2178"]
[BlackElo "2236"]
[PlyCount "67"]
[EventDate "2003.11.21"]
[EventType "swiss"]
[EventRounds "9"]
[EventCountry "ESP"]
[Source "lmi"]
[SourceDate "2003.11.21"]

1. c4 Nf6 2. Nf3 g6 3. Nc3 Bg7 4. e4 d6 5. d4 O-O 6. h3 c5 7. d5 a6 8. a4 b6 9.
Bd3 Nbd7 10. O-O Ne8 11. Re1 Rb8 12. Bf4 Ne5 13. Nxe5 dxe5 14. Bh2 g5 15. h4 h6
16. hxg5 hxg5 17. Be2 Bf6 18. Bg4 Nd6 19. Bxc8 Qxc8 20. b3 Kg7 21. g4 Rh8 22.
Bg3 Qd7 23. Qe2 b5 24. cxb5 axb5 25. Nxb5 Nxb5 26. axb5 Rxb5 27. Rac1 Rxb3 28.
Rxc5 Qa7 29. Rec1 Rhb8 30. Kg2 Rb2 31. Qf3 Rb1 32. Qe3 R8b3 33. Qe1 Qxc5 34.
Rxb1 1/2-1/2